000 00591nam a2200229Ia 4500
001 17337
003 GE_BSU
008 181216s||||||||xx |||||||||||||| ||und||
020 _a9783929526974
040 _cGE_BSU
080 _a811.112
100 _aBuscha, Anne
245 _aErkundungen. Deutsch als fremdsprache. Sprachniveau 1
245 _bIntegriertes Kurs-und Arbeitsbuch
260 _aLeipzig
260 _c2009
300 _a270p.CD ROM
541 _h12ლ.
653 _aErkundungen. Deutsch als fremdsprache.
653 _aIntegriertes Kurs-und Arbeitsbuch
942 _cBK
999 _c50394
_d50394